000 00586nam a2200241Ia 4500
003 OSt
005 20220924133523.0
006 a|||||r|||| 00| 0
007 ta
008 220923b |||||||| |||| 00| 0 guj d
024 _a266544
037 _cTextual
040 _aARTS
_cARTS
_bguj
041 _2guj
_aguj
082 _aO156,6:g, M1
100 _aVyas Daksha
_9206705
245 0 _aBhav - pratibhav
260 _c1981
300 _a174p.
_ccm.
650 _aGUJRATI LITERATURE
942 _hO156,6:g, M1
_cTEXL
_2CC
999 _c434151
_d434151